Quick Pick: 'Night' Movies Quiz Stats

 Plays Quiz Updated Apr 6, 2020

     
Support Sporcle.
Go Orange.
Score 0/12 Timer 01:00
1 Play Today
% Correct
Fever
93.5%
Heat
91.7%
Hard
91.4%
Museum
91.2%
Opera
82.2%
Luck
81.8%
Big
65.5%
Iguana
61.9%
Shift
59.1%
Day
57.6%
Hunter
56.6%
Moves
51.9%

Today's Daily Dose

From the Vault

'T' in Europe

by Cortez

Now this looks like one fun 'T' party.
Remove Ads.
Support Sporcle.
Get the best of Sporcle when you Go Orange. This ad-free experience offers more features, more stats, and more fun while also helping to support Sporcle. Thank you for becoming a member.

Show Comments

Extras

Top Quizzes Today


Score Distribution

Your Account Isn't Verified!

In order to create a playlist on Sporcle, you need to verify the email address you used during registration. Go to your Sporcle Settings to finish the process.

Report this User

Report this user for behavior that violates our Community Guidelines.

Details: